Situación de los agricultores en América Latina /

Guardat en:
Dades bibliogràfiques
Autor principal: Franco, Alberto
Format: Text
Etiquetes: Afegir etiqueta
Sense etiquetes, Sigues el primer a etiquetar aquest registre!

MARC

LEADER 00000 a a2200000 04500
001 4916
003
040
100 |a Franco, Alberto  
245 |a Situación de los agricultores en América Latina /  |c Alberto Franco  
773 |g volumen 8, número 3; páginas 227-237  
999 |c 20436  |d 20436